00913nam a2200217 a 450000100060000000300090000600800410001502000160005604000280007208200180010010000150011824500770013326000250021030000100023550502080024565000290045365000550048265000470053765000530058465000580063722957CO-ViMGA141112s2004 ck r 000 u spa d a968 7529988 aCO-ViMGAbspacCO-ViMGA04a005.133 W154o1 aWang, Paul10aJava : bCon programación orientada a objetos y aplicaciones en la www aMéxico : bThomson a444p. aFundamentos de java, Un primer programa, Metodos de definicion, Instrucciones, La instruccion while, Claeses y poo, Caracteristicas y construcciones de java, Herencias y extension de clase, Applets y web14aGRAFICOS POR COMPUTADOR 14aJAVA ( LENGUAJE DE PROGRAMACION DE COMPUTADORES) 14aPROGRAMACION ( COMPUTADORES ELECTRONICOS) 14aPROGRAMACION ORIENTADA A OBJETOS ( INFORMATICA) 14aWORLD WIDE WEB ( SERVICIO DE INFORMACION SOBRE REDES)